| 000 | 00763cam a22002651 4500 | ||
|---|---|---|---|
| 001 | 7468971 | ||
| 003 | BD-DhUL | ||
| 005 | 20170124090025.0 | ||
| 008 | 720502s1968 nyu 000 1 eng d | ||
| 010 | _a 57007359 | ||
| 035 | _a(OCoLC)299741 | ||
| 040 |
_aDLC _cODaWU _dOCoLC _dDLC _dBD-DhUL |
||
| 041 | 1 | _aengger | |
| 042 | _apremarc | ||
| 050 | 0 | 0 |
_aPT2027.W3 _bM6 |
| 082 |
_a832.6 _bGOS |
||
| 100 | 1 |
_aGoethe, Johann Wolfgang von, _d1749-1832. |
|
| 245 | 1 | 4 |
_aThe sufferings of young Werther / _cTranslated by Bayard Quincy Morgan. |
| 260 |
_aNew York : _bF. Ungar, _c1968. |
||
| 300 |
_a160 p. ; _c19 cm. |
||
| 490 | _aCollege translations. | ||
| 650 | 0 | _aGerman fiction. | |
| 906 |
_a7 _bcbc _coclcrpl _du _encip _f19 _gy-gencatlg |
||
| 942 |
_2ddc _cBK |
||
| 999 |
_c153970 _d153970 |
||